| 000 | 00573cam a2200217ua 4500 | ||
|---|---|---|---|
| 020 | _c100.00 | ||
| 041 |
_aeng _h |
||
| 082 |
_a664.80461 _bMAR/PR |
||
| 100 | _aMarkose, V.T . | ||
| 245 | 0 | 0 |
_aProcessing and Marketing of Coconuts in India / _cV.T.Markose. _hTextual Documents |
| 250 |
_a1 / _b. |
||
| 260 |
_aKerala : _bCoconut Development Board , _c1994. |
||
| 300 | _a119 ; . | ||
| 365 | _a100.00 | ||
| 504 | _a | ||
| 700 | 1 | _aNandakumar, T.B . | |
| 700 | 1 | _aRaveendran, P . | |
| 700 | 1 | _aSreekumar, Poduval . | |
| 942 | _cBK | ||
| 999 |
_c1311 _d1311 |
||